[Event "EUR-chT Seniors 65"]
[Site "Prague"]
[Date "2021.09.01"]
[Round "3.3"]
[White "Boudre, Jean Pierre"]
[Black "Meister, Jakob"]
[Result "0-1"]
[WhiteElo "2263"]
[BlackElo "2416"]
[PlyCount "46"]
[EventDate "2021.08.30"]
[EventType "team-swiss"]
[EventRounds "9"]
[EventCountry "CZE"]
[SourceTitle "CBM 204 Extra"]
[Source "ChessBase"]
[SourceDate "2021.11.30"]
[SourceVersion "1"]
[SourceVersionDate "2021.11.30"]
[SourceQuality "1"]
[WhiteTeam "France 65"]
[BlackTeam "Lasker Schachstiftung 65"]
[WhiteTeamCountry "FRA"]
[BlackTeamCountry "GER"]

1. e4 c5 2. Nf3 g6 3. Bc4 Bg7 4. c3 e6 5. d4 cxd4 6. Nxd4 a6 7. 0-0 Ne7 8. Bg5 h6 9. Be3 d5 10. exd5 Nxd5 11. Bxd5 Qxd5 12. Qd2 Nd7 13. Na3 b5 14. Rfd1 Bb7 15. f3 Rd8 16. Nac2 Qh5 17. Nb4 Be5 18. f4 Bxd4 19. Qxd4 0-0 20. Rd2 Nf6 21. Qxd8 Rxd8 22. Rxd8+ Kh7 23. Re1 Ng4 0-1

[Event "FRA-ch op Senior"]
[Site "Agen"]
[Date "2016.08.21"]
[Round "9"]
[White "Boudre, Jean Pierre"]
[Black "Faber, Michel"]
[Result "1-0"]
[WhiteElo "2276"]
[BlackElo "2077"]
[PlyCount "59"]
[EventDate "2016.08.12"]
[EventType "swiss"]
[EventRounds "9"]
[EventCountry "FRA"]
[SourceTitle "EXT 2017"]
[Source "ChessBase"]
[SourceDate "2016.10.25"]
[SourceVersion "1"]
[SourceVersionDate "2016.10.25"]
[SourceQuality "1"]

1. b3 d5 2. Bb2 Bf5 3. Nf3 Nd7 4. d3 Ngf6 5. g3 c6 6. Nbd2 e6 7. Bg2 Bc5 8. 0-0 Qe7 9. a3 0-0 10. b4 Bd6 11. c4 e5 12. e4 dxe4 13. dxe4 Bg4 14. c5 Bc7 15. Qc2 a5 16. Nc4 axb4 17. axb4 b5 18. cxb6 Bxf3 19. bxc7 Bxg2 20. Kxg2 Rac8 21. Ra7 Ne8 22. Na5 Rxc7 23. Rxc7 Nxc7 24. Nxc6 Qe6 25. Rd1 h6 26. Nd8 Rxd8 27. Qxc7 Qe7 28. b5 Kh7 29. b6 Qb4 30. Qxd8 1-0

[Event "FRA-ch op Senior"]
[Site "Agen"]
[Date "2016.??.??"]
[Round "3"]
[White "Boudre, Jean Pierre"]
[Black "Daigremont, Jean Renaud"]
[Result "1-0"]
[WhiteElo "2276"]
[BlackElo "1951"]
[PlyCount "63"]
[EventDate "2016.08.12"]
[EventType "swiss"]
[EventRounds "9"]
[EventCountry "FRA"]
[SourceTitle "EXT 2017"]
[Source "ChessBase"]
[SourceDate "2016.10.25"]
[SourceVersion "1"]
[SourceVersionDate "2016.10.25"]
[SourceQuality "1"]

1. e4 c5 2. Nf3 Nc6 3. Bb5 g6 4. 0-0 Bg7 5. c3 e5 6. d3 Nge7 7. Be3 b6 8. d4 cxd4 9. cxd4 exd4 10. Nxd4 0-0 11. Nc3 Bb7 12. Qd2 Nxd4 13. Bxd4 Bxd4 14. Qxd4 Nc6 15. Qd6 a6 16. Ba4 b5 17. Bb3 Na5 18. Bd5 Nc4 19. Bxc4 bxc4 20. Rfd1 Re8 21. f3 Bc6 22. Qd4 Rb8 23. Rac1 Qb6 24. Rc2 Kf8 25. Kf2 Re5 26. Ke3 Ke8 27. Qxb6 Rxb6 28. Kd4 Rh5 29. g3 Bb5 30. Nd5 Ba4 31. b3 cxb3 32. Rc8# 1-0

[Event "FRA-chT1A 1112"]
[Site "France"]
[Date "2012.01.14"]
[Round "6.3"]
[White "Ozenne, Corentin"]
[Black "Boudre, Jean Pierre"]
[Result "0-1"]
[WhiteElo "2135"]
[BlackElo "2294"]
[PlyCount "36"]
[EventDate "2011.10.16"]
[EventType "team-tourn"]
[EventRounds "11"]
[EventCountry "FRA"]
[SourceTitle "EXT 2013"]
[Source "ChessBase"]
[SourceDate "2012.11.22"]
[SourceVersion "1"]
[SourceVersionDate "2012.11.22"]
[SourceQuality "1"]
[WhiteTeam "Agneaux Saint Lo"]
[BlackTeam "Bordeaux"]
[WhiteTeamCountry "FRA"]
[BlackTeamCountry "FRA"]

1. d4 d5 2. c4 c6 3. Nc3 Nf6 4. Nf3 dxc4 5. e4 b5 6. e5 Nd5 7. a4 e6 8. Ng5 h6 9. Qh5 g6 10. Qh3 Na6 11. axb5 Nab4 12. Kd1 cxb5 13. Nxb5 Qb6 14. Bxc4 Bd7 15. Na3 Qxd4+ 16. Bd2 Ba4+ 17. Kc1 Rc8 18. Nxe6 Nd3+ 0-1

[Event "FRA-chT1A 1112"]
[Site "France"]
[Date "2011.11.13"]
[Round "3.3"]
[White "Giacomini, Hector"]
[Black "Boudre, Jean Pierre"]
[Result "0-1"]
[WhiteElo "2281"]
[BlackElo "2294"]
[PlyCount "82"]
[EventDate "2011.10.16"]
[EventType "team-tourn"]
[EventRounds "11"]
[EventCountry "FRA"]
[SourceTitle "EXT 2013"]
[Source "ChessBase"]
[SourceDate "2012.11.22"]
[SourceVersion "1"]
[SourceVersionDate "2012.11.22"]
[SourceQuality "1"]
[WhiteTeam "Tours"]
[BlackTeam "Bordeaux"]
[WhiteTeamCountry "FRA"]
[BlackTeamCountry "FRA"]

1. d4 d5 2. Nf3 Nf6 3. c4 c6 4. Qc2 dxc4 5. Qxc4 Bf5 6. Bf4 Nbd7 7. e3 Qb6 8. Qb3 Bxb1 9. Rxb1 Qxb3 10. axb3 e6 11. Bd3 Be7 12. h3 0-0 13. 0-0 Rad8 14. Rfd1 c5 15. Bc7 Rc8 16. Ba5 cxd4 17. Nxd4 Bc5 18. Be2 Bxd4 19. Rxd4 Nc5 20. Bd1 b6 21. Be1 Rfd8 22. Bf3 Ra8 23. Rxd8+ Rxd8 24. Rd1 Rxd1 25. Bxd1 Nd5 26. Bc2 a5 27. Kf1 Kf8 28. Ke2 h6 29. g3 e5 30. f3 Ke7 31. e4 Nb4 32. Bd1 Kd6 33. Bc3 f6 34. Ke3 Nc6 35. f4 b5 36. b4 axb4 37. Be1 Na4 38. b3 Nc3 39. Bh5 Nd4 40. Bf7 Nc2+ 41. Kd2 Nxe1 0-1

[Event "FRA-chT1A 1112"]
[Site "France"]
[Date "2011.11.12"]
[Round "2.3"]
[White "Boudre, Jean Pierre"]
[Black "Bujisho, Benjamin"]
[Result "1/2-1/2"]
[WhiteElo "2294"]
[BlackElo "2386"]
[PlyCount "101"]
[EventDate "2011.10.16"]
[EventType "team-tourn"]
[EventRounds "11"]
[EventCountry "FRA"]
[SourceTitle "EXT 2013"]
[Source "ChessBase"]
[SourceDate "2012.11.22"]
[SourceVersion "1"]
[SourceVersionDate "2012.11.22"]
[SourceQuality "1"]
[WhiteTeam "Bordeaux"]
[BlackTeam "La Membrolle Choisille"]
[WhiteTeamCountry "FRA"]
[BlackTeamCountry "FRA"]

1. e4 c5 2. Nf3 d6 3. d4 cxd4 4. Nxd4 Nf6 5. Nc3 a6 6. Be2 e6 7. 0-0 Be7 8. Be3 Qc7 9. a4 Nc6 10. f4 0-0 11. Kh1 Re8 12. Bf3 Rb8 13. Qd2 Na5 14. b3 Nc6 15. Nxc6 bxc6 16. g4 d5 17. g5 Nxe4 18. Nxe4 dxe4 19. Bxe4 c5 20. Qg2 c4 21. Bd4 Bc5 22. Be5 Bd6 23. Qh3 g6 24. Rae1 Bxe5 25. fxe5 cxb3 26. cxb3 Rb4 27. Bg2 Bb7 28. Re3 Rd8 29. Bxb7 Qxb7+ 30. Qf3 Rb8 31. h3 a5 32. Qxb7 R8xb7 33. Rff3 Rd7 34. Kg2 Rd5 35. Kg3 Rd1 36. Kf2 Rbd4 37. Rc3 R4d2+ 38. Kg3 Rg1+ 39. Kf4 Rd4+ 40. Ke3 Rd7 41. Rc5 Rgd1 42. Rxa5 R1d3+ 43. Kf2 Rxf3+ 44. Kxf3 Rd3+ 45. Kg4 Rxb3 46. Rb5 Ra3 47. a5 Kg7 48. Rc5 h5+ 49. Kh4 Kg8 50. Rc8+ Kg7 51. Rc5 1/2-1/2

[Event "FRA-chT2 0910"]
[Site "France"]
[Date "2009.12.13"]
[Round "6.1"]
[White "Flear, Glenn C"]
[Black "Boudre, Jean Pierre"]
[Result "1-0"]
[WhiteElo "2497"]
[BlackElo "2335"]
[PlyCount "83"]
[EventDate "2009.09.27"]
[EventType "team-tourn"]
[EventRounds "11"]
[EventCountry "FRA"]
[SourceTitle "EXT 2011"]
[Source "ChessBase"]
[SourceDate "2010.11.26"]
[SourceVersion "1"]
[SourceVersionDate "2010.11.26"]
[SourceQuality "1"]

1. d4 Nf6 2. c4 e6 3. Nc3 Bb4 4. Qc2 d6 5. Bg5 c5 6. dxc5 dxc5 7. e3 Nc6 8. Nge2 h6 9. Bh4 0-0 10. a3 Ba5 11. f3 e5 12. Bxf6 Qxf6 13. 0-0-0 Be6 14. Nd5 Bxd5 15. cxd5 Ne7 16. Ng3 Rfd8 17. Bc4 Nc8 18. Ne4 Qe7 19. d6 Nxd6 20. Rxd6 Rxd6 21. Nxd6 Qxd6 22. Rd1 Qe7 23. Qa4 Bb6 24. Rd7 Qg5 25. Rxf7 Kh8 26. Qd7 Rd8 27. Qe6 Qxe3+ 28. Kb1 Qg1+ 29. Ka2 Qd4 30. Re7 Rf8 31. Re8 Qxc4+ 32. Qxc4 Rxe8 33. Qf7 Rd8 34. g4 c4 35. Qxc4 Rf8 36. Qb5 Bd4 37. Qxb7 Rf6 38. h4 Rb6 39. Qa8+ Kh7 40. b4 Rf6 41. Qe4+ Kh8 42. g5 1-0

[Event "FRA-chT2 0910"]
[Site "France"]
[Date "2009.10.04"]
[Round "1.1"]
[White "Favarel, Julien"]
[Black "Boudre, Jean Pierre"]
[Result "1-0"]
[WhiteElo "2299"]
[BlackElo "2343"]
[PlyCount "55"]
[EventDate "2009.09.27"]
[EventType "team-tourn"]
[EventRounds "11"]
[EventCountry "FRA"]
[SourceTitle "EXT 2011"]
[Source "ChessBase"]
[SourceDate "2010.11.26"]
[SourceVersion "1"]
[SourceVersionDate "2010.11.26"]
[SourceQuality "1"]

1. d4 Nf6 2. c4 e6 3. Nc3 Bb4 4. f3 c5 5. d5 d6 6. e4 Qe7 7. Nge2 0-0 8. a3 Ba5 9. Qa4 Bc7 10. Ng3 Nbd7 11. Be2 exd5 12. cxd5 Ne5 13. 0-0 a6 14. f4 Ng6 15. Bd2 Bd7 16. Qc2 b5 17. Rae1 Rfe8 18. Bf3 Nh4 19. Bd1 b4 20. Nb1 Bb5 21. Be2 Bb6 22. Bc4 Ng6 23. Kh1 Bxc4 24. Qxc4 bxa3 25. Nxa3 Qd7 26. h3 Qb7 27. Bc3 Bd8 28. Qa4 1-0

[Event "FRA-ch Accession"]
[Site "Nimes"]
[Date "2009.08.15"]
[Round "5"]
[White "Boudre, Jean Pierre"]
[Black "Sochacki, Christophe"]
[Result "1-0"]
[WhiteElo "2337"]
[BlackElo "2274"]
[PlyCount "99"]
[EventDate "2009.08.11"]
[EventType "swiss"]
[EventRounds "9"]
[EventCountry "FRA"]
[SourceTitle "CBM 132 Extra"]
[Source "ChessBase"]
[SourceDate "2009.11.03"]
[SourceVersion "1"]
[SourceVersionDate "2009.11.03"]
[SourceQuality "1"]

1. e4 c5 2. Nf3 d6 3. d4 cxd4 4. Nxd4 Nf6 5. Nc3 g6 6. Be2 Bg7 7. 0-0 Nc6 8. Nb3 0-0 9. Re1 a6 10. Bf1 b5 11. a4 b4 12. Nd5 Bb7 13. Bg5 Nd7 14. Rb1 h6 15. Be3 e6 16. Nf4 Qc7 17. Qd2 Nde5 18. f3 Rac8 19. Qf2 Ne7 20. Rec1 g5 21. Nd3 Nc4 22. Nxb4 Bxb2 23. Rd1 Bc3 24. Bxc4 Bxb4 25. Bd3 Ng6 26. Nd2 Bc3 27. Nc4 Rce8 28. Nxd6 Qxd6 29. Rxb7 Rb8 30. Rxb8 Rxb8 31. g3 Ne5 32. Be2 Qc6 33. f4 gxf4 34. gxf4 Nc4 35. Bd4 Bxd4 36. Qxd4 Nb2 37. Rd2 Kh7 38. a5 Na4 39. Kf2 Qc3 40. Qxc3 Nxc3 41. Bd3 Rb4 42. Ke3 Ra4 43. Rg2 Rxa5 44. Kd4 Na2 45. c3 Ra4+ 46. Bc4 Nc1 47. Kc5 a5 48. Rc2 Ra1 49. Kd6 a4 50. Ke7 1-0

[Event "FRA-ch Accession"]
[Site "Nimes"]
[Date "2009.08.12"]
[Round "2"]
[White "Mancini, Mario"]
[Black "Boudre, Jean Pierre"]
[Result "1/2-1/2"]
[WhiteElo "2269"]
[BlackElo "2337"]
[PlyCount "75"]
[EventDate "2009.08.11"]
[EventType "swiss"]
[EventRounds "9"]
[EventCountry "FRA"]
[SourceTitle "CBM 132 Extra"]
[Source "ChessBase"]
[SourceDate "2009.11.03"]
[SourceVersion "1"]
[SourceVersionDate "2009.11.03"]
[SourceQuality "1"]

1. d4 d5 2. Nf3 Nf6 3. Bf4 Bg4 4. e3 c6 5. c4 Bxf3 6. gxf3 Nbd7 7. h3 dxc4 8. Bxc4 e6 9. Nc3 Be7 10. Qb3 Qb6 11. 0-0 0-0 12. Rfd1 Rfd8 13. e4 Qxb3 14. Bxb3 Rac8 15. Rd2 a6 16. Rad1 b5 17. Be3 Kf8 18. Kg2 Ke8 19. d5 exd5 20. exd5 Bb4 21. dxc6 Rxc6 22. Bg5 Bxc3 23. bxc3 Rdc8 24. Rd6 h6 25. Be3 Ke7 26. Rxc6 Rxc6 27. Bd4 Nh5 28. Re1+ Kf8 29. h4 Nc5 30. Bc2 Nf4+ 31. Kg3 Nfe6 32. Be3 Nd7 33. Bd2 Nf6 34. Bb3 Nc5 35. Bc2 Ne6 36. Bb3 Nc5 37. Bc2 Ne6 38. Bb3 1/2-1/2

[Event "Rochefort op 8th"]
[Site "Rochefort"]
[Date "2009.02.??"]
[Round "2"]
[White "Boudre, Jean Pierre"]
[Black "Prie, Eric"]
[Result "1/2-1/2"]
[WhiteElo "2335"]
[BlackElo "2489"]
[PlyCount "31"]
[EventDate "2009.02.??"]
[EventType "swiss"]
[EventRounds "9"]
[EventCountry "FRA"]
[SourceTitle "EXT 2010"]
[Source "ChessBase"]
[SourceDate "2010.11.25"]
[SourceVersion "1"]
[SourceVersionDate "2010.11.25"]
[SourceQuality "1"]

1. e4 d5 2. exd5 Qxd5 3. Nc3 Qa5 4. d4 Nf6 5. Bc4 Bg4 6. f3 Bf5 7. Bd2 Qb6 8. Nge2 Nbd7 9. g4 Bg6 10. h4 Qc6 11. h5 Qxf3 12. Rf1 Qg2 13. Rf2 Qh1+ 14. Rf1 Qh4+ 15. Rf2 Qh1+ 16. Rf1 1/2-1/2

[Event "FRA-chT2 West 0809"]
[Site "France"]
[Date "2009.01.18"]
[Round "6.1"]
[White "Moussard, Jules"]
[Black "Boudre, Jean Pierre"]
[Result "1-0"]
[WhiteElo "2274"]
[BlackElo "2335"]
[PlyCount "89"]
[EventDate "2008.10.19"]
[EventType "team-tourn"]
[EventRounds "11"]
[EventCountry "FRA"]
[SourceTitle "EXT 2010"]
[Source "ChessBase"]
[SourceDate "2010.11.25"]
[SourceVersion "1"]
[SourceVersionDate "2010.11.25"]
[SourceQuality "1"]
[WhiteTeam "Evry Grand Roque II"]
[BlackTeam "Echiquier Bordelais"]
[WhiteTeamCountry "FRA"]
[BlackTeamCountry "FRA"]

1. e4 e5 2. Nf3 Nc6 3. Bb5 a6 4. Bxc6 dxc6 5. 0-0 Qf6 6. d3 Ne7 7. Nbd2 Ng6 8. Nc4 h6 9. c3 c5 10. a4 Be6 11. Be3 0-0-0 12. Qe2 Bg4 13. Rfd1 Nh4 14. Ncd2 Be7 15. Kh1 Nxf3 16. Nxf3 Rd7 17. Rd2 Rhd8 18. Rad1 Qe6 19. h3 Bh5 20. c4 f6 21. a5 Bf8 22. b3 Qe8 23. Kh2 g5 24. g4 Bg6 25. Ng1 h5 26. Qf3 hxg4 27. hxg4 Qe6 28. Ne2 Rh7+ 29. Kg3 Bd6 30. Rh1 Rdh8 31. Rxh7 Rxh7 32. Rd1 b6 33. axb6 cxb6 34. Nc3 Bc7 35. Nd5 Bd8 36. b4 cxb4 37. Nxb4 Qg8 38. Nd5 Qh8 39. Qg2 Rh4 40. f3 Rh7 41. Bxb6 Rb7 42. Rb1 Qf8 43. Bxd8 Qxd8 44. Qa2 a5 45. c5 1-0

[Event "Cap d'Agde CCAS op"]
[Site "Cap d'Agde"]
[Date "2008.10.31"]
[Round "8"]
[White "Boudre, Jean Pierre"]
[Black "Bedouin, Xavier"]
[Result "1/2-1/2"]
[WhiteElo "2324"]
[BlackElo "2403"]
[PlyCount "40"]
[EventDate "2008.10.25"]
[EventType "swiss"]
[EventRounds "9"]
[EventCountry "FRA"]
[SourceTitle "CBM 127 Extra"]
[Source "ChessBase"]
[SourceDate "2009.01.08"]
[SourceVersion "2"]
[SourceVersionDate "2009.01.28"]
[SourceQuality "1"]

1. e4 c5 2. Nf3 Nc6 3. Nc3 g6 4. d4 cxd4 5. Nxd4 Bg7 6. Be3 Nf6 7. Bc4 0-0 8. Bb3 a5 9. 0-0 Nxd4 10. Bxd4 d6 11. f3 Nd7 12. Rf2 Bxd4 13. Qxd4 Qb6 14. Qxb6 Nxb6 15. Nd5 Nxd5 16. Bxd5 Ra6 17. Rd1 Rb6 18. c3 Be6 19. Kf1 Rc8 20. Ke1 Rc5 1/2-1/2

[Event "Cap d'Agde CCAS op"]
[Site "Cap d'Agde"]
[Date "2008.10.30"]
[Round "7"]
[White "Boudre, Jean Pierre"]
[Black "Calistri, Tristan"]
[Result "1/2-1/2"]
[WhiteElo "2324"]
[BlackElo "2361"]
[PlyCount "82"]
[EventDate "2008.10.25"]
[EventType "swiss"]
[EventRounds "9"]
[EventCountry "FRA"]
[SourceTitle "CBM 127 Extra"]
[Source "ChessBase"]
[SourceDate "2009.01.08"]
[SourceVersion "2"]
[SourceVersionDate "2009.01.28"]
[SourceQuality "1"]

1. e4 c5 2. Nf3 Nc6 3. Bb5 g6 4. 0-0 Bg7 5. Re1 e5 6. Bxc6 dxc6 7. d3 Qe7 8. Nbd2 Nf6 9. Nc4 Nd7 10. a4 Nf8 11. h3 f6 12. a5 Ne6 13. Bd2 0-0 14. Qb1 Nd4 15. Nxd4 cxd4 16. Qa2 Be6 17. Qa3 Qd7 18. Kh2 Rfd8 19. b3 Bf8 20. Qc1 g5 21. Qd1 Kg7 22. Qe2 Bd6 23. Nxd6 Qxd6 24. g3 h5 25. f4 exf4 26. gxf4 g4 27. e5 fxe5 28. Qxe5+ Qxe5 29. Rxe5 Kf7 30. Rae1 Re8 31. Rxh5 Rh8 32. Ree5 gxh3 33. Bb4 b6 34. Bd6 c5 35. Bc7 Rxh5 36. Rxh5 Rg8 37. Rg5 Rxg5 38. fxg5 b5 39. a6 c4 40. bxc4 bxc4 41. Bb8 cxd3 1/2-1/2

[Event "Cap d'Agde CCAS op"]
[Site "Cap d'Agde"]
[Date "2008.10.28"]
[Round "5"]
[White "Boudre, Jean Pierre"]
[Black "Prie, Eric"]
[Result "1/2-1/2"]
[WhiteElo "2324"]
[BlackElo "2491"]
[PlyCount "32"]
[EventDate "2008.10.25"]
[EventType "swiss"]
[EventRounds "9"]
[EventCountry "FRA"]
[SourceTitle "CBM 127 Extra"]
[Source "ChessBase"]
[SourceDate "2009.01.08"]
[SourceVersion "2"]
[SourceVersionDate "2009.01.28"]
[SourceQuality "1"]

1. d4 d5 2. c4 c6 3. cxd5 cxd5 4. Nc3 Nf6 5. Bf4 Nc6 6. e3 Bf5 7. Nf3 e6 8. Qb3 Bb4 9. Bb5 0-0 10. Bxc6 Bxc3+ 11. Qxc3 Rc8 12. Ne5 Ng4 13. Nxg4 Bxg4 14. Qb4 Rxc6 15. Qxb7 Qc8 16. Qxc8 Rfxc8 1/2-1/2